00305nam a22001097a 4500020000800000040001600008082001800024100002200042245005000064260005400114300002700168 qHB. cFIZZA ISHAQ a346.7307bLEE aLeete , Burt A. aBusiness Law Text and Cases /c Burt A Leete. aNew York:bMacmillan Publishing Company ,c1978. axvii ; 949 p. ;c26 cm